000 00695nam a2200229Ia 4500
003 OSt
005 20250219101825.0
008 210716s2010 xx 000 0 und d
020 _a978932596850
040 _cAIMIT LIBRARY
041 _aeng
082 _a006.671
_23
_bDASR
100 _aDas, Rashmi Kanta.
_9201050
245 _aCore java :
_bfor beginners /
_cBy Rashmi Kanta Das.
250 _a3rd ed.
260 _aNew Delhi :
_bVikas Publishing House Pvt Ltd ,
_c2010.
300 _axviii,898p. ;
_bPB
_c24.5 cm
650 _aBasic elements of java
_9201051
650 _aException handling
_9201052
650 _aJava native interface
_9201053
942 _2ddc
_cBK
_e3rd
_k006.671 DASR
999 _c194051
_d194051